000
00296nam a2200121Ia 4500
008
190723s9999 xx 000 0 und d
020
_a
978-81-317-0870-5
100
_a
Bernard M. Moret
245
4
_a
The Theory of Computation
260
_a
Chennai
_b
Pearson
_c
2007
300
_a
453.:p
942
_c
BK
999
_c
1785
_d
1785